000 00880cam a2200205 i 4500
008 181024t20192018nyuab b 000 f eng c
020 _a9780316412421
020 _a0316412422
050 0 0 _aPR6119.A57
_b.T66 2019
100 1 _aSansom, C. J.,
245 1 0 _aTombland /
_cC.J. Sansom.
260 _aLondon
_bMantle
_c2019
300 _a865p.
_billustration, maps ;
500 _a"Originally published in the United Kingdom by Mantle, a division of Pan Macmillan, in October 2018."--Title page verso.
520 _aWhen a distant relative of Princess Elizabeth is found dead, Matthew Shardlake is sent to investigate the murder, which may have connections reaching to a peasant rebellion sweeping the country.
650 0 _aShardlake, Matthew (Fictitious character)
_vFiction.
650 0 _aLawyers
_xHistory
_vFiction.
650 0 _aMurder
_xInvestigation
_vFiction.
942 _cBK
999 _c3490
_d3490